Giáo trình thiết kế kiến trúc nhà dân dụng
Gardado en:
| Autor Principal: | |
|---|---|
| Formato: | Libro |
| Idioma: | Undetermined |
| Publicado: |
Hà Nội
Xây dựng
2007
|
| Những chủ đề: | |
| Các nhãn: |
Engadir etiqueta
Sen Etiquetas, Sexa o primeiro en etiquetar este rexistro!
|
| Thư viện lưu trữ: | Trung tâm Học liệu Trường Đại học Cần Thơ |
|---|
| LEADER | 00661nam a2200205Ia 4500 | ||
|---|---|---|---|
| 001 | CTU_129310 | ||
| 008 | 210402s9999 xx 000 0 und d | ||
| 020 | |c 19000 | ||
| 082 | |a 728 | ||
| 082 | |b T305 | ||
| 100 | |a Đặng, Thị Phúc Tiến | ||
| 245 | 0 | |a Giáo trình thiết kế kiến trúc nhà dân dụng | |
| 245 | 0 | |c Đặng Thị Phúc Tiến và Đỗ Thị Minh Phúc | |
| 260 | |a Hà Nội | ||
| 260 | |b Xây dựng | ||
| 260 | |c 2007 | ||
| 650 | |a Architecture, Domestic,Building | ||
| 650 | |x Designs and plans,Designs and plans | ||
| 904 | |i Minh | ||
| 980 | |a Trung tâm Học liệu Trường Đại học Cần Thơ | ||